000 00840nam a22002417a 4500
999 _c14793
_d14793
003 MIRAKIL
005 20220201164249.0
008 220201b tu ||||| |||| 00| 0 tur d
020 _a9789750527692
040 _aTR-AnCHP
_btur
_cTR-AnCHP
041 _atur
082 _a323.119159
_bK96 2018
245 _aKürt tarihi ve siyasetinden portreler / $c
_cderleyenler: Yalçın Çakmak, Tuncay Şur.
260 _aİstanbul :
_bİletişim yayınları,
_c2018.
300 _a447 s.:
_bres.;
_c21 sm.
490 0 _aİletişim Yayınları ;
_aAraştırma inceleme ;
_v2696.
_v443.
504 _aKaynakça bölüm sonlarındadır.
650 0 _aTürkiye
_94
_xSiyaset ve yönetim
_xKürtler
650 0 _aKürtler
_xTarih
_zTürkiye
_95116
700 _96968
_aŞur, Tuncay
_eder.
700 _96969
_aÇakmak, Yalçın
_eder.
942 _2ddc
_cBKS